Rozhovor

Bibliographic Details
Main Authors: Papiežová, Anna, 1941- (Author, Interviewer), Uličná, Mária, 1871-1954 (Author)
Format: Article
Language:Slovak
PhysicalDescription:Fotogr.
Subjects:

MARC

LEADER 00000nab a2200000 ar4500
001 vtls008961510
003 SK-MaSNL
005 20260303070702.0
008 170922c2006 xo mr|p|||||||000 b|slo
038 |a SNSK 
040 |b slo  |c SNSK  |e AACR2 
041 |a slo 
044 |a xo  |c SK 
080 |a 39  |x (437.6)  |2 2001 
080 |a 061.9:793.31  |2 2001 
080 |a 793.31  |x (437.6)  |2 2001 
100 1 |a Papiežová, Anna,  |d 1941-  |4 ivr  |4 aut  |9 115315 
245 1 0 |a Rozhovor  |c Anna Papiežová, Mária Uličná 
300 |b Fotogr. 
610 2 7 |a Jadlovec (folklórny súbor : Margecany, Slovensko)  |2 snsk  |9 1022275 
650 0 7 |a folklórne súbory  |2 snsk  |9 28685 
651 7 |a Margecany (Slovensko)  |2 snsk  |9 43538 
651 7 |a Gelnica (Slovensko : okres)  |2 snsk  |9 168677 
700 1 |a Uličná, Mária,  |d 1871-1954  |4 ive  |4 aut  |9 185365 
773 0 |t Gelničan  |g Roč. XV., č. 3 (2006), s. 9 
852 |a SNSK  |b KIS3GCP 
999 |c 1756510  |d 1758440